000 00954nam a2200265 i 4500
001 bg
003 BPK
005 20191028153153.0
008 s1984 pl f f |000 0 pol
020 _a8320404347
040 _cBPK
041 _apol
080 _a621
080 _a(083.1)
245 1 0 _aMały poradnik mechanika :
_bpraca zbiorowa.
_nT. 2,
_pPodstawy konstrukcji maszyn, maszynoznawstwo /
_c[aut. Zdzisław Bańkowski et al.].
246 3 0 _aPodstawy konstrukcji maszyn, maszynoznawstwo
250 _aWyd 15 całowicie przerob.
260 _aWarszawa :
_bWydawnictwa Naukowo-Techniczne,
_c1984.
650 4 _aMaszyny
_xbudowa i konstrukcje.
655 4 _aPoradnik
710 2 _aWydawnictwa Naukowo-Techniczne
_4pbl.
700 1 _aBańkowski, Zdzisław
_c(nauki techniczne)
_eAutor
856 _uhttp://koha.tu.koszalin.pl/cgi-bin/koha/opac-detail.pl?biblionumber=1164
_yKatalog online BPK
942 _cKS
_2UKD
999 _c1164
_d1164